000 00782nam a2200241 u 4500
005 20240228064332.0
008 181109s2004 r 000 0 eng d
020 _a9681907477
035 _aUPN01000227711
049 _aI
050 4 _aPZ7
_bM3.7
100 1 _aMahy, Margaret,
_d1936-2012
_940157
245 1 3 _aEl secuestro de la bibliotecaria /
_cMargaret Mahy ; il. Quentin Blake ; tr. Miguel A. Diéguez.
260 _aMéxico :
_bSantillana,
_c2004.
300 _a46 p. :
_bil.
440 0 _aAlfaguara infantil
534 _pTítulo original:
_tThe librarian and the robbers
650 4 _aLITERATURA INFANTIL NEOZELANDESA
650 4 _aLibros y lectura para niños
_92290
650 4 _aBIBLIOTECAS -
_vNOVELA JUVENIL
_923119
905 _aInfantil
999 _c199806
_d199806